00426nam a2200169Ia 4500003000400000005001700004008004100021040000700062041000800069082002200077100003500099245003600134260003700170365001300207650002200220650001400242OSt20230510123554.0210423s1997 xx 000 0 und d cAL aeng a307.72 223bKAPR aKAPOOR (A K);SINGH (Dharamvir) aRural development thorough NGOs aJaipurbRawat Publicationsc1997 b350cINR aRural Communities aSociology